Geography Quiz

Random Geography or City Quiz

Brazil's Largest Cities Starting with E Quiz Stats

 Plays Quiz not verified by Sporcle

Score 0/10 Timer 10:00
0 Plays Today
States Answer % Correct
São PauloEmbu das Artes
66.7%
Rio Grande do SulEsteio
66.7%
BahiaEunápolis
44.4%
SergipeEstância
44.4%
PernambucoEscada
44.4%
CearáEusébio
44.4%
Rio Grande do SulErechim
33.3%
São PauloEmbu-Guaçu
33.3%
Minas GeraisEsmeraldas
33.3%
BahiaEuclides da Cunha
33.3%

You're not logged in!

Compare scores with friends on all Sporcle quizzes.
OR
Log In

Show Comments

Extras

Top Quizzes Today


Score Distribution

Your Account Isn't Verified!

In order to create a playlist on Sporcle, you need to verify the email address you used during registration. Go to your Sporcle Settings to finish the process.

Report this User

Report this user for behavior that violates our Community Guidelines.

Details: